000 00254nam a22001217a 4500
008 190305b xxu||||| |||| 00| 0 eng d
041 _aeng
080 _a710
100 _a45
101 _aART
245 _aThe Great Artists
_cGogh, V
942 _2udc
_cBK
999 _c54525
_d54525